| 000 | 00000nam##2200000za#4500 |
| 001 | 9.575538 |
| 003 | CaOODSP |
| 005 | 20210624184719 |
| 007 | cr ||||||||||| |
| 008 | 150406|2008||||xxc|||||o f|0| 0 eng|d |
| 040 | |aCaOODSP|beng |
| 043 | |an-cn--- |
| 086 | 1 |aTU3-5/08-6E-PDF |
| 110 | 2 |aTransportation Safety Board of Canada. |
| 245 | 10|aFuel starvation / forced landing, Meadow Air Limited Cessna 337D, C-GYHW Buffalo Narrows, Saskatchewan, 14 nm NE, 13 June 2008 |h[electronic resource] |
| 260 | |aGatineau - Quebec : |bTransportation Safety Board of Canada |c[2008]. |
| 300 | |a7p.|breferences |
| 490 | 1 |aAviation investigation report |vA08C0124 |
| 590 | |a13-02-Supp|b2013-01-11 |
| 775 | 08|tPanne d'alimentation en carburant et atterrissage forcé du Cessna 337D, C-GYHW exploité par Meadow Air Limited à 14 nm au nord-est de Buffalo Narrows (Saskatchewan), le 13 juin 2008 |w(CaOODSP)9.605048 |
| 830 | #0|aAviation investigation report ;|vA08C0124|w(CaOODSP)9.504825 |
| 856 | 40|ahttp://publications.gc.ca|qPDF|s220 KB|uhttps://publications.gc.ca/collections/collection_2013/bst-tsb/TU3-5-08-6-eng.pdf|yA08C0124 |